Conservation and use of wildlife-based resources : (Registro nro. 7147)
[ vista simple ]
| 000 -CABECERA | |
|---|---|
| Campo de control | 00916nam a2200277 a 4500 |
| 005 - FECHA Y HORA DE LA ULTIMA TRANSACCION | |
| Campo de control | 20200104041615.0 |
| 008 - ELEMENTOS DE LONGITUD FIJA—INFORMACION GENERAL | |
| Campo de control | 160115s2008 xxu||||| |||| 00| 0 spa d |
| 020 ## - ISBN | |
| ISBN | 9292250833 |
| 040 ## - FUENTE DE CATALOGACIÓN | |
| Agencia catalogadora original | CO-BoIAVH |
| Agencia transcriptora | CO-BoIAVH |
| 041 ## - IDIOMA | |
| Código de idioma para texto/pista de sonido o título separado | Inglés |
| 044 ## - PAÍS DE PUBLICACIÓN | |
| País de publicación | Canadá |
| 082 04 - NUMERO DE CLASIFICACION DECIMAL DEWEY | |
| Número de clasificación | 333.955 |
| Número del ítem | N25c |
| 100 1# - ASIENTO PRINCIPAL--NOMBRE PERSONAL | |
| Nombre personal | Nasi, Robert |
| 9 (RLIN) | 25582 |
| 245 10 - MENCION DE TITULO | |
| Título | Conservation and use of wildlife-based resources : |
| Parte restante del título | the bushmeat crisis / |
| 260 ## - PUBLICACION, DISTRIBUCION, ETC. (PIE DE IMPRENTA) | |
| Lugar de publicación, distribución, etc. | Montreal : |
| Nombre del editor, distribuidor, etc. | Convention of Biological Diversity, |
| Fecha de publicación, distribución, etc. | 2008 |
| 300 ## - DESCRIPCION FISICA | |
| Extensión | 50 p. |
| 650 14 - ASIENTO SECUNDARIO DE MATERIA - TERMINO TEMATICO | |
| Término temático o nombre geográfico como elemento de entrada | Conservación de la vida silvestre |
| 9 (RLIN) | 158 |
| 650 24 - ASIENTO SECUNDARIO DE MATERIA - TERMINO TEMATICO | |
| Término temático o nombre geográfico como elemento de entrada | Gestión de la vida silvestre |
| 9 (RLIN) | 51195 |
| 700 ## - ASIENTO SECUNDARIO - NOMBRE PERSONAL | |
| Nombre personal | Brown, David, |
| Término de relación | autor. |
| 9 (RLIN) | 25412 |
| 700 ## - ASIENTO SECUNDARIO - NOMBRE PERSONAL | |
| Nombre personal | Wilkie, David, |
| Término de relación | autor. |
| 9 (RLIN) | 25413 |
| 700 ## - ASIENTO SECUNDARIO - NOMBRE PERSONAL | |
| Nombre personal | Bennet, Elizabethm, |
| Término de relación | autora. |
| 9 (RLIN) | 51196 |
| 700 ## - ASIENTO SECUNDARIO - NOMBRE PERSONAL | |
| Nombre personal | Tutin, Caroline, |
| Término de relación | autora. |
| 9 (RLIN) | 51197 |
| 700 ## - ASIENTO SECUNDARIO - NOMBRE PERSONAL | |
| Nombre personal | Tol, Gijs van, |
| Término de relación | autor. |
| 9 (RLIN) | 51198 |
| 700 ## - ASIENTO SECUNDARIO - NOMBRE PERSONAL | |
| Nombre personal | Christophersen, Tim, |
| Término de relación | autor. |
| 9 (RLIN) | 51199 |
| 942 ## - ELEMENTOS ADICIONALES (KOHA) | |
| Tipo de ítem | Libro |
| Sistema de clasificación | Dewey Decimal Classification |
| Withdrawn status | Lost status | Sistema de Clasificación | Damaged status | No para préstamo | Colección | Inventariado | Ubicación Permanente | Ubicación actual | Fecha de adquisición | Fuente de Valor | Valor | Total Checkouts | Número topográfico | Inventario / Código de Barras | Date last seen | Ejemplar | Price effective from | Forma de adquisición | Tipo de material |
|---|---|---|---|---|---|---|---|---|---|---|---|---|---|---|---|---|---|---|---|
| Dewey Decimal Classification | General | Inventariado 2017 | Bogotá | Bogotá | 06/11/2009 | Instituto | 39000.00 | LB-333.955 N25c | 027542 | 04/12/2012 | Ej.1 | 04/12/2012 | Libro |